000 02104cam a2200301 4500500
005 20260111150245.0
041 _afre
042 _adc
100 1 0 _aÇıngı Kocadost, Fatma
_eauthor
245 0 0 _aRestaurant universitaire et petits soins nourriciers
260 _c2014.
500 _a69
520 _aEn quoi la nourriture servie dans les restaurants universitaires, gérés en tant qu’ « œuvres sociales », donne‑t‑elle de la valeur aux employés qui y travaillent, et aide‑t‑elle à requalifier leur métier, généralement dévalorisé par rapport à l’emploi dans les restaurants urbains ? L’article s’appuie sur les observations de l’auteur qui a travaillé comme caissière dans deux restaurants universitaires parisiens.
520 _aUniversity Restaurant and Daily Nourishing CareI focus on food as an object of transaction between workers in a university restaurant and their customers. The symbolic value of food allows the workers to transcend their subaltern position in the workplace. Moreover, offering food as a present, they transform mercantile relations into personal and affective ones. This article relies on a fieldwork carried by the author in two different university restaurants on the same campus in the Paris area.
520 _aDer Artikel stützt sich auf die Beobachtungen der Autorin, die Kassiererin in zwei Pariser Mensen arbeitet. Er beschäftigt sich mit der Frage, inwiefern das Mensaessen, verstanden als „soziale Dienstleistung“, den Mensaangestellten aufwertet und hilft sein berufliches Ansehen gegenüber Angestellten in klassischen Restaurants zu verbessern.
690 _aclient
690 _agenre
690 _anourriture
690 _arestaurant universitaire
690 _aservice
690 _acustomer
690 _afood
690 _agender
690 _aservice
690 _auniversity restaurant
786 0 _nEthnologie française | 44 | 1 | 2014-02-01 | p. 85-92 | 0046-2616
856 4 1 _uhttps://shs.cairn.info/revue-ethnologie-francaise-2014-1-page-85?lang=fr&redirect-ssocas=7080
999 _c1637316
_d1637316